| 000 | 00000nam##2200000za#4500 |
| 001 | 9.575438 |
| 003 | CaOODSP |
| 005 | 20210624184651 |
| 007 | cr ||||||||||| |
| 008 | 150406|2002||||xxc|||||o f|0| 0 eng|d |
| 040 | |aCaOODSP|beng |
| 043 | |an-cn--- |
| 086 | 1 |aH81-3/2002-15E-PDF |
| 110 | 1 |aCanada. |bPatented Medicine Prices Review Board. |
| 245 | 10|aVerification of foreign patented drug prices (2000) |h[electronic resource] |
| 260 | |aOttawa - Ontario : |bPatented Medicine Prices Review Board |cJanuary 2002. |
| 300 | |a18p.|btables |
| 490 | 1 |aPMPRB study series |vS-0215 |
| 590 | |a12-42-Supp|b2012-11-21 |
| 830 | #0|aPMPRB study series ;|vS-0215|w(CaOODSP)9.507338 |
| 856 | 40|ahttp://publications.gc.ca|qPDF|s139 KB|uhttps://publications.gc.ca/collections/collection_2012/cepmb-pmprb/H81-3-2002-15-eng.pdf|yS-0215 |